| 000 | 00997nas a2200337 4500 | ||
|---|---|---|---|
| 001 | BR0904945 | ||
| 003 | BR-BrBNA | ||
| 005 | 20231205113549.0 | ||
| 007 | ta | ||
| 008 | 230509b bl.|||p| |||| 00| 00por d | ||
| 040 |
_aBR-BrBNA _bpor _cBiblioteca Nacional de Agricultura |
||
| 041 | _a(Pt) | ||
| 072 | _aH10 | ||
| 100 | 1 | _aBittencourt, M.A.L. | |
| 100 | 1 | _aCova, A.K.W. | |
| 100 | 1 | _aSilva, A.C.M. | |
| 100 | 1 | _aSilva, V.E.S. | |
| 100 | 1 | _aBomfim, Z.V. | |
| 100 | 1 | _aAraújo, E.L. | |
| 100 | 1 | _aSouza Filho, M.F. de | |
| 245 | 1 | _aEspécies de moscas-das-frutas (Tephritidae)obtidas em armadilhas McPhail no Estado da Bahia, Brasil | |
| 650 | _aPRAGA DE PLANTA | ||
| 650 | _aMOSCA DAS FRUTAS | ||
| 650 | _aPOMAR | ||
| 650 | _aARMADILHA | ||
| 650 | _aFRUTICULTURA | ||
| 650 | _aBAHIA | ||
| 773 | 0 |
_tSemina. Ciências Agrárias (Brazil) _xISSN 1676-546X _g(Oct-Dec 2006), v. 27(4) p. 561-563 _wBR0904945 |
|
| 909 |
_a202311 _bLúcia _c55 _dLúcia Elande |
||
| 942 |
_2AGRIS _n0 _cANA |
||
| 999 |
_c204451 _d204451 |
||